| 000 | 00360nam a2200145Ia 4500 | ||
|---|---|---|---|
| 008 | 230711s9999||||xx |||||||||||||| ||und|| | ||
| 041 | _aENG | ||
| 082 |
_a530 _bBE-S |
||
| 100 | _aBell,David,A | ||
| 245 | 0 | _aSolid state pulse circuits | |
| 250 | _a4th | ||
| 260 |
_c1992 _aNew Delhiq _bPrentice-Hall of India Private Limited |
||
| 650 | _aPhysics | ||
| 942 | _cBK | ||
| 999 |
_c2528 _d2528 |
||